Statistics for Take Me Home, Country Roads Lyrics

Click here to take the quiz!

General Stats

  • This quiz has been taken 322 times
  • The average score is 141 of 177

Answer Stats

Answer % Correct
Take
99%
Take
99%
West
99%
West
99%
Me
99%
Me
99%
Take
99%
Me
99%
Take
99%
Me
99%
Me
99%
Take
99%
West
99%
Me
99%
Me
99%
Take
99%
Me
99%
Me
99%
Take
99%
West
99%
Me
99%
Take
99%
West
99%
Take
99%
Me
99%
Take
99%
Me
99%
Country
98%
Home
98%
Country
98%
Home
98%
I
98%
Country
98%
I
98%
Country
98%
Home
98%
Country
98%
Home
98%
Virginia
98%
Country
98%
I
98%
Home
98%
I
98%
Virginia
98%
Country
98%
Home
98%
Country
98%
Home
98%
Country
98%
Home
98%
Home
98%
I
98%
Virginia
98%
Road
98%
I
98%
Country
98%
I
98%
Home
98%
Home
98%
Virginia
98%
Virginia
98%
Home
98%
The
97%
The
97%
The
97%
Place
97%
The
97%
The
97%
Place
97%
The
97%
The
97%
The
97%
The
97%
The
97%
Place
97%
Place
97%
To
96%
Mountain
96%
Mountain
96%
Belong
96%
To
96%
Mountain
96%
Belong
96%
Belong
96%
To
96%
To
96%
To
96%
Mountain
96%
Belong
96%
A
92%
A
92%
Roads
91%
Roads
91%
Roads
91%
Roads
91%
Roads
91%
Roads
91%
Roads
91%
Roads
91%
Roads
91%
Roads
91%
Mama
84%
Mama
84%
Mama
84%
Mama
84%
Blue
81%
Blue
81%
River
77%
Mountains
75%
Mountains
75%
Heaven
74%
Almost
74%
Is
73%
Old
73%
Than
72%
Than
72%
Ridge
72%
Trees
71%
Older
69%
Life
68%
My
67%
My
67%
My
67%
She
65%
Younger
65%
Like
65%
In
64%
In
64%
There
63%
Hear
62%
Breeze
62%
Of
61%
Of
61%
And
58%
Her
58%
And
58%
Her
58%
Voice
56%
On
55%
Yesterday
55%
Yesterday
55%
Away
53%
Reminds
53%
Far
53%
Shenandoah
52%
All
51%
Morning
51%
Water
51%
Calls
49%
Radio
49%
Sky
49%
Blowing
48%
Have
48%
Been
48%
Should
47%
Eye
47%
That
46%
Down
44%
Memories
44%
Down
44%
Down
44%
Dusty
43%
Teardrop
43%
Stranger
42%
Dark
42%
Moonshine
42%
Gather
41%
Round
41%
Lady
41%
Feeling
40%
Painted
39%
Get
39%
Taste
38%
Misty
36%
Hour
36%
Driving
32%
Miner's
31%

Score Distribution

Percentile by Number Answered

Percent of People with Each Score

Your Score History

You have not taken this quiz